00736nam a2200181Ia 4500003000400000005001700004008004100021040002100062041000800083082002800091110004600119245016400165260005500329300002800384505003900412650004300451650006000494OSt20210923184353.0210310s1987 ck fr 000 0 spa d aCO-JMCRcCO-JMCR0 aspa04a362.509861 /bC718i2231 aColombia. bPresidencia de la República10aPlan de lucha contra la pobreza absoluta y para la generación de empleo : binforme al Señor Presidente de la República / cPresidencia de la República aBogotá : bPresidencia de la República, c1987 a99 páginas ; c22 cm.0 aEl plan -- Organización del plan14aPobrezavInformesy1986-1987zColombia24aCondiciones económicasvInformesy1986-1987zColombia